| 000 | 02310cam a22003974a 4500 | ||
|---|---|---|---|
| 001 | 14387493 | ||
| 005 | 20180827062549.0 | ||
| 008 | 060523s2007 paua b 001 0 eng | ||
| 010 | _a 2006047515 | ||
| 016 | 7 |
_a101311282 _2DNLM |
|
| 020 | _a1416029737 | ||
| 020 | _a9781416029731 | ||
| 020 | _a9780808923664 (International ed.) | ||
| 020 | _a0808923668 (International ed.) | ||
| 035 | _a(OCoLC)ocm69672074 | ||
| 035 | _a(OCoLC)69672074 | ||
| 040 |
_aASAB _cASAB _dASAB _dASAB _dASAB _dASAB _dASAB _dASAB _dASAB |
||
| 042 | _apcc | ||
| 050 | 0 | 0 |
_aRB111 _b.K895 2007 |
| 060 | 0 | 0 | _a2007 H-162 |
| 060 | 1 | 0 |
_aQZ 4 _bR6355 2007 |
| 082 | 0 | 0 |
_a616.07 _222 |
| 245 | 0 | 0 |
_aRobbins basic pathology / _c[edited by] Vinay Kumar ... [et al.]. |
| 250 | _a8th ed. | ||
| 260 |
_aPhiladelphia, PA : _bSaunders/Elsevier, _cc2007. |
||
| 300 |
_axiv, 946 p. : _bill. (chiefly col.) ; _c29 cm. |
||
| 504 | _aIncludes bibliographical references and index. | ||
| 505 | 0 | _aCell injury, cell death, and adaptations -- Acute and chronic inflammation -- Tissue repair : regeneration, healing, and fibrosis -- Hemodynamic disorders, thrombosis, and shock -- Diseases of the immune system -- Neoplasia / Thomas P. Stricker, Vinay Kumar -- Environmental and nutritional diseases -- General pathology of infectious diseases -- The blood vessels -- The heart / Frederick J. Schoen, Richard N. Mitchell -- The hematopoietic and lymphoid systems / Jon C. Aster -- The lung / Anirban Maitra, Vinay Kumar -- The kidney and its collecting system / Charles E. Alpers , Agnes B. Fogo -- The oral cavity and gastrointestinal tract -- The liver, gallbladder, and biliary tract -- The pancreas -- The male genital system -- The female genital system / Anthony Montag, Vinay Kumar -- The endocrine system / Anirban Maitra -- The musculoskeletal system -- The skin / Alexander J.F. Lazar -- The nervous system / Matthew P. Frosch. | |
| 650 | 0 |
_aPathology. _91279 |
|
| 650 | 1 | 2 |
_aPathology. _91280 |
| 700 | 1 |
_aKumar, Vinay, _d1944- _91281 |
|
| 700 | 1 |
_aRobbins, Stanley L. _q(Stanley Leonard), _d1915-2003. _91282 |
|
| 906 |
_a7 _bcbc _corignew _d1 _eocip _f20 _gy-gencatlg |
||
| 942 |
_2ddc _cBK |
||
| 999 |
_c479845 _d479845 |
||